| 000 | 00450nam a22001937a 4500 | ||
|---|---|---|---|
| 003 | OSt | ||
| 005 | 20231208162808.0 | ||
| 008 | 231208b |||||||| |||| 00| 0 eng d | ||
| 020 | _a978-0-141-03579-6 | ||
| 040 | _cno | ||
| 041 | _aEnglish | ||
| 082 | _a759.94 | ||
| 100 | _a Berger John | ||
| 245 | _aWays of SeeingĀ | ||
| 260 |
_aEngland _bPenguin Book Ltd _c2008 |
||
| 300 | _a166PB,7x5cm | ||
| 650 | _2Art Technique | ||
| 942 |
_2ddc _cBK _n0 |
||
| 999 |
_c954372 _d954372 |
||